<?xml version="1.0" encoding="UTF-8"?>
<record
    xmlns:xsi="http://www.w3.org/2001/XMLSchema-instance"
    xsi:schemaLocation="http://www.loc.gov/MARC21/slim http://www.loc.gov/standards/marcxml/schema/MARC21slim.xsd"
    xmlns="http://www.loc.gov/MARC21/slim">

  <leader>03525nam a2200421   4500</leader>
  <controlfield tag="003">OSt</controlfield>
  <controlfield tag="005">20260513061857.0</controlfield>
  <controlfield tag="008">260512b        |||||||| |||| 00| 0 aze d</controlfield>
  <datafield tag="020" ind1=" " ind2=" ">
    <subfield code="a">9952418717</subfield>
  </datafield>
  <datafield tag="040" ind1=" " ind2=" ">
    <subfield code="a">AZ-XaKU</subfield>
    <subfield code="b">aze</subfield>
    <subfield code="c">AZ-XaKU</subfield>
  </datafield>
  <datafield tag="041" ind1="0" ind2=" ">
    <subfield code="a">aze</subfield>
  </datafield>
  <datafield tag="050" ind1="1" ind2="4">
    <subfield code="a">PL314 .Z611 .T1433 2005</subfield>
  </datafield>
  <datafield tag="245" ind1="1" ind2="0">
    <subfield code="a">Az&#x259;rbaycan na&#x11F;&#x131;llar&#x131;</subfield>
    <subfield code="b"> : Be&#x15F; cildd&#x259;</subfield>
    <subfield code="c">/ T&#x259;rtib ed&#x259;ni M&#x259;mm&#x259;dh&#xFC;seyn T&#x259;hmasib ; redaktoru B&#x259;hlul Abdulla ; burax&#x131;l&#x131;&#x15F;a m&#x259;sul &#x18F;ziz G&#xFC;l&#x259;liyev ; texniki redaktor R&#xF6;v&#x15F;&#x259;n A&#x11F;ayev ; t&#x259;rtibat&#xE7;&#x131;-r&#x259;ssam N&#x259;rgiz &#x18F;liyeva; komp&#xFC;ter s&#x259;hif&#x259;l&#x259;yicisi R&#x259;&#x15F;ad H&#x259;midov ; korrektor P&#x259;rvan&#x259; M&#x259;mm&#x259;dova</subfield>
    <subfield code="n">II cild</subfield>
  </datafield>
  <datafield tag="250" ind1=" " ind2=" ">
    <subfield code="a">T&#x259;krar n&#x259;&#x15F;r</subfield>
  </datafield>
  <datafield tag="264" ind1=" " ind2=" ">
    <subfield code="a">Bak&#x131; :</subfield>
    <subfield code="b">&#x15E;&#x259;rq-Q&#x259;rb n&#x259;&#x15F;riyyat&#x131; ;</subfield>
    <subfield code="c">2005.</subfield>
  </datafield>
  <datafield tag="300" ind1=" " ind2=" ">
    <subfield code="a">296 s&#x259;hif&#x259; ;</subfield>
    <subfield code="c">21 sm.</subfield>
  </datafield>
  <datafield tag="336" ind1=" " ind2=" ">
    <subfield code="a">text</subfield>
    <subfield code="b">txt</subfield>
    <subfield code="2">rdacontent</subfield>
  </datafield>
  <datafield tag="337" ind1=" " ind2=" ">
    <subfield code="a">unmediated</subfield>
    <subfield code="b">n</subfield>
    <subfield code="2">rdamedia</subfield>
  </datafield>
  <datafield tag="338" ind1=" " ind2=" ">
    <subfield code="a">volume </subfield>
    <subfield code="b">nc</subfield>
    <subfield code="2">rdacarrier</subfield>
  </datafield>
  <datafield tag="490" ind1="1" ind2=" ">
    <subfield code="a">Az&#x259;rbaycan xalq &#x259;d&#x259;biyyat&#x131;</subfield>
  </datafield>
  <datafield tag="500" ind1=" " ind2=" ">
    <subfield code="a">Az&#x259;rbaycan Respublikas&#x131;n&#x131;n Prezidenti &#x130;lham &#x18F;liyevin "Az&#x259;rbaycan dilind&#x259; lat&#x131;n qrafikas&#x131; il&#x259; k&#xFC;tl&#x259;vi n&#x259;&#x15F;rl&#x259;rin h&#x259;yata ke&#xE7;irilm&#x259;si haqq&#x131;nda" 12 yanvar 2004-c&#xFC; il tarixli s&#x259;r&#x259;ncam&#x131; il&#x259; n&#x259;&#x15F;r olunur v&#x259; &#xF6;lk&#x259; kitabxanalar&#x131;na h&#x259;diyy&#x259; edilir.</subfield>
  </datafield>
  <datafield tag="500" ind1=" " ind2=" ">
    <subfield code="a">Bu kitab "Az&#x259;rbaycan na&#x11F;&#x131;llar&#x131;. Be&#x15F; cildd&#x259;. I cild" (Bak&#x131;, Az&#x259;rbaycan Elml&#x259;r Akademiyas&#x131; n&#x259;&#x15F;riyyat&#x131;, 1961) n&#x259;&#x15F;ri &#x259;sas&#x131;nda t&#x259;krar n&#x259;&#x15F;r&#x259; haz&#x131;rlanm&#x131;&#x15F;d&#x131;r.</subfield>
  </datafield>
  <datafield tag="500" ind1=" " ind2=" ">
    <subfield code="a">Qeydl&#x259;r : s. 281-286.</subfield>
  </datafield>
  <datafield tag="500" ind1=" " ind2=" ">
    <subfield code="a">L&#xFC;&#x11F;&#x259;t : s. 287-291.</subfield>
  </datafield>
  <datafield tag="505" ind1="0" ind2=" ">
    <subfield code="a">Qaraqa&#x15F;&#x131;n na&#x11F;&#x131;l&#x131; -- Siman&#x131;n na&#x11F;&#x131;l&#x131; -- Taxta q&#x131;l&#x131;nc -- Yeddi da&#x11F; almas&#x131; -- G&#xFC;lnar xan&#x131;m -- Cantiq -- G&#xFC;l S&#x259;nav&#x259;r&#x259; neyl&#x259;di, S&#x259;nav&#x259;r G&#xFC;l&#x259; neyl&#x259;di -- A&#x11F; qu&#x15F; -- &#xDC;&#xE7; bac&#x131;n&#x131;n na&#x11F;&#x131;l&#x131; -- &#x15E;ahzad&#x259; M&#xFC;talib -- &#x130;lyas&#x131;n na&#x11F;&#x131;l&#x131; -- Nardan q&#x131;z&#x131;n na&#x11F;&#x131;l&#x131; -- K&#x259;l H&#x259;s&#x259;nin na&#x11F;&#x131;l&#x131; -- Ax-vax -- Ceyran&#x131;n na&#x11F;&#x131;l&#x131; -- &#x130;brahim -- Qara v&#x259;zir -- &#x18F;miraslan&#x131;n na&#x11F;&#x131;l&#x131; -- Ke&#xE7;&#x259;ll&#x259; qaz&#x131;n&#x131;n na&#x11F;&#x131;l&#x131; -- M&#x259;h&#x259;mm&#x259;d.</subfield>
  </datafield>
  <datafield tag="520" ind1="0" ind2=" ">
    <subfield code="a">Xalq &#x259;d&#x259;biyyat&#x131;n&#x131;n z&#x259;ngin x&#x259;zin&#x259;si i&#xE7;&#x259;risind&#x259; na&#x11F;&#x131;llar nadir bir inci kimi par&#x131;lday&#x131;r. D&#x259;rin x&#x259;yallardan, b&#xF6;y&#xFC;k insan arzular&#x131;ndan yaranm&#x131;&#x15F; olan g&#xF6;z&#x259;l romantikal&#x131; bu &#x259;s&#x259;rl&#x259;rd&#x259; insan s&#x259;ad&#x259;tin&#x259; mane olan b&#xFC;t&#xFC;n qara q&#xFC;vv&#x259;-l&#x259;r&#x259; qalib g&#x259;lm&#x259;k arzusu &#xF6;z &#x259;ksini tapm&#x131;&#x15F;d&#x131;r. Xeyrin &#x15F;&#x259;r&#x259;, i&#x15F;&#x131;&#x11F;&#x131;n z&#xFC;lm&#x259;t&#x259;, yax&#x15F;&#x131;n&#x131;n yamana z&#x259;f&#x259;r &#xE7;almas&#x131; v&#x259; b. s&#x259;kill&#x259;rd&#x259; t&#x259;zah&#xFC;r ed&#x259;n nikbinlik, xo&#x15F;-b&#x259;xt g&#x259;l&#x259;c&#x259;y&#x259; inam xalq na&#x11F;&#x131;llar&#x131;n&#x131;n ba&#x15F;l&#x131;ca ideya-f&#x259;ls&#x259;fi keyfiyy&#x259;tl&#x259;rin d&#x259;ndir. Be&#x15F;cildli "Az&#x259;rbaycan na&#x11F;&#x131;llar&#x131;"n&#x131;n t&#x259;qdim olunan cildind&#x259; xalq ara-s&#x131;nda geni&#x15F; yay&#x131;lan, forma v&#x259; m&#x259;zmunca d&#x259;yi&#x15F;ik na&#x11F;&#x131;l n&#xFC;mun&#x259;l&#x259;ri toplan-m&#x131;&#x15F;d&#x131;r. Kitab&#x131; v&#x259;r&#x259;ql&#x259;rk&#x259;n oxucu ist&#x259;r-ist&#x259;m&#x259;z na&#x11F;&#x131;llar al&#x259;min&#x259; d&#xFC;&#x15F;&#x259;c&#x259;k, b&#x259;&#x15F;&#x259;r &#xF6;vlad&#x131;n&#x131;n k&#xF6;rp&#x259;lik &#xE7;a&#x11F;&#x131;ndan b&#x259;ri damla-damla toplad&#x131;&#x11F;&#x131; zehni-m&#x259;n&#x259;vi-h&#x259;yati t&#x259;cr&#xFC;b&#x259; x&#x259;zin&#x259;l&#x259;riyl&#x259;, xalq&#x131;m&#x131;z&#x131;n z&#xF6;vq&#xFC;, d&#xFC;&#x15F;&#xFC;nc&#x259;si, ad&#x259;t-&#x259;n&#x259;n&#x259;l&#x259;ri, m&#xFC;barizlik ruhu il&#x259; tan&#x131;&#x15F; olacaqd&#x131;r.</subfield>
  </datafield>
  <datafield tag="650" ind1=" " ind2="7">
    <subfield code="2">AZ-XaKU</subfield>
    <subfield code="a">Az&#x259;rbaycan folkloru</subfield>
    <subfield code="x">Na&#x11F;&#x131;llar.</subfield>
  </datafield>
  <datafield tag="700" ind1="1" ind2=" ">
    <subfield code="a">M&#x259;h&#x259;mm&#x259;dh&#xFC;seyn, T&#x259;hmasib,</subfield>
    <subfield code="e">t&#x259;rtib ed&#x259;n.</subfield>
  </datafield>
  <datafield tag="700" ind1="1" ind2=" ">
    <subfield code="a">Abdulla, B&#x259;hlul,</subfield>
    <subfield code="e">redaktor.</subfield>
  </datafield>
  <datafield tag="700" ind1="1" ind2=" ">
    <subfield code="a">G&#xFC;l&#x259;liyev, &#x18F;ziz,</subfield>
    <subfield code="e">burax&#x131;l&#x131;&#x15F;a m&#x259;sul.</subfield>
  </datafield>
  <datafield tag="700" ind1="1" ind2=" ">
    <subfield code="a">A&#x11F;ayeva, R&#xF6;v&#x15F;&#x259;n,</subfield>
    <subfield code="e">texniki redaktor.</subfield>
  </datafield>
  <datafield tag="700" ind1="1" ind2=" ">
    <subfield code="a">&#x18F;liyeva, N&#x259;rgiz,</subfield>
    <subfield code="e">t&#x259;rtibat&#xE7;&#x131;-r&#x259;ssam.</subfield>
  </datafield>
  <datafield tag="700" ind1="1" ind2=" ">
    <subfield code="a">H&#x259;midov, R&#x259;&#x15F;ad,</subfield>
    <subfield code="e">komp&#xFC;ter s&#x259;hif&#x259;l&#x259;yicisi.</subfield>
  </datafield>
  <datafield tag="700" ind1="1" ind2=" ">
    <subfield code="a">M&#x259;mm&#x259;dova, P&#x259;rvan&#x259;,</subfield>
    <subfield code="e">korrektor.</subfield>
  </datafield>
  <datafield tag="830" ind1=" " ind2="0">
    <subfield code="a">Az&#x259;rbaycan xalq &#x259;d&#x259;biyyat&#x131;.</subfield>
  </datafield>
  <datafield tag="942" ind1=" " ind2=" ">
    <subfield code="c">BOOK</subfield>
  </datafield>
  <datafield tag="999" ind1=" " ind2=" ">
    <subfield code="c">430</subfield>
    <subfield code="d">430</subfield>
  </datafield>
  <datafield tag="952" ind1=" " ind2=" ">
    <subfield code="0">0</subfield>
    <subfield code="1">0</subfield>
    <subfield code="2">lcc</subfield>
    <subfield code="4">0</subfield>
    <subfield code="7">0</subfield>
    <subfield code="8">BE</subfield>
    <subfield code="a">KU</subfield>
    <subfield code="b">BEL</subfield>
    <subfield code="d">2026-05-12</subfield>
    <subfield code="l">0</subfield>
    <subfield code="o">PL314 .Z611 .T1433 2005 c.5</subfield>
    <subfield code="p">0000000776</subfield>
    <subfield code="r">2026-05-12 15:42:15</subfield>
    <subfield code="t">c.5</subfield>
    <subfield code="w">2026-05-12</subfield>
    <subfield code="y">BOOK</subfield>
  </datafield>
  <datafield tag="952" ind1=" " ind2=" ">
    <subfield code="0">0</subfield>
    <subfield code="1">0</subfield>
    <subfield code="2">lcc</subfield>
    <subfield code="4">0</subfield>
    <subfield code="7">0</subfield>
    <subfield code="8">BE</subfield>
    <subfield code="a">KU</subfield>
    <subfield code="b">BEL</subfield>
    <subfield code="d">2026-05-12</subfield>
    <subfield code="l">0</subfield>
    <subfield code="o">PL314 .Z611 .T1433 2005 c.6</subfield>
    <subfield code="p">0000000777</subfield>
    <subfield code="r">2026-05-12 15:49:29</subfield>
    <subfield code="t">c.6</subfield>
    <subfield code="w">2026-05-12</subfield>
    <subfield code="y">BOOK</subfield>
  </datafield>
  <datafield tag="952" ind1=" " ind2=" ">
    <subfield code="0">0</subfield>
    <subfield code="1">0</subfield>
    <subfield code="2">lcc</subfield>
    <subfield code="4">0</subfield>
    <subfield code="7">0</subfield>
    <subfield code="8">BE</subfield>
    <subfield code="a">KU</subfield>
    <subfield code="b">BEL</subfield>
    <subfield code="d">2026-05-12</subfield>
    <subfield code="l">0</subfield>
    <subfield code="o">PL314 .Z611 .T1433 2005 c.7</subfield>
    <subfield code="p">0000000778</subfield>
    <subfield code="r">2026-05-12 15:50:42</subfield>
    <subfield code="t">c.7</subfield>
    <subfield code="w">2026-05-12</subfield>
    <subfield code="y">BOOK</subfield>
  </datafield>
</record>
